000
002780000a22000970004500
100
1
_a
Revell, E.J.
245
1
0
_a
Firts person imperfect forms with waw consecutive --Addenda
300
_a
Vol. 41, Num. 1 (Enero, 1991), Páginas 122-182
773
0
_t
Vetus Testamentum
942
_c
ANA
999
_c
57650
_d
57650